Concrete mathematics (Record no. 1516)

MARC details
000 -LEADER
fixed length control field 00458 a2200181 4500
001 - CONTROL NUMBER
control field 067643
003 - CONTROL NUMBER IDENTIFIER
control field OSt
005 - DATE AND TIME OF LATEST TRANSACTION
control field 20211229153004.0
008 - FIXED-LENGTH DATA ELEMENTS--GENERAL INFORMATION
fixed length control field
082 ## - DEWEY DECIMAL CLASSIFICATION NUMBER
Classification number 510
Item number G76C
100 1# - MAIN ENTRY--PERSONAL NAME
Personal name Graham, Ronald L.
245 1# - TITLE STATEMENT
Title Concrete mathematics
Statement of responsibility, etc by Ronald L. Graham
260 ## - PUBLICATION, DISTRIBUTION, ETC. (IMPRINT)
Place of publication, distribution, etc New Delhi
Name of publisher, distributor, etc Pearson
Date of publication, distribution, etc 2009
300 ## - PHYSICAL DESCRIPTION
Extent 643p.
653 ## - INDEX TERM--UNCONTROLLED
Uncontrolled term Mathematics; Computer-mathematics
700 ## - ADDED ENTRY--PERSONAL NAME
Personal name knuth, Donald E.
942 ## - ADDED ENTRY ELEMENTS (KOHA)
Source of classification or shelving scheme Dewey Decimal Classification
Koha item type Books
Holdings
Withdrawn status Lost status Source of classification or shelving scheme Damaged status Not for loan Collection code Home library Current library Date acquired Source of acquisition Cost, normal purchase price Full call number Barcode Date last seen Price effective from Koha item type
    Dewey Decimal Classification     General Text Book Central University Of Rajasthan Central University Of Rajasthan 07/03/2012 MTH 585.00 510 G76C 1929 21/11/2024 02/09/2020 Books